Clubs vainqueurs de la Coupe du Monde des Clubs (Football - FIFA) - Statistiques

Statistiques générales
  • Ce quiz a été pris 476 fois
  • Le résultat moyen est 15 sur 18
Statistiques - réponses
Année Clubs Pays % Correct
2018 Real Madrid Espagne
100%
2017 Real Madrid Espagne
100%
2016 Real Madrid Espagne
100%
2014 Real Madrid Espagne
100%
2015 FC Barcelone Espagne
96%
2011 FC Barcelone Espagne
96%
2009 FC Barcelone Espagne
96%
2020 Bayern Munich Allemagne
94%
2013 Bayern Munich Allemagne
94%
2021 Chelsea Angleterre
93%
2019 Liverpool Angleterre
92%
2008 Manchester United Angleterre
83%
2010 Inter Milan Italie
80%
2006 SC Internacional Brésil
80%
2007 AC Milan Italie
74%
2012 SC Corinthians Brésil
27%
2000 SC Corinthians Brésil
27%
2005 São Paulo FC Brésil
19%
Aucun quiz correspondant
Distribution des résultats
% des personnes avec chaque résultat
Percentile par nombre de réponses
Votre historique - résultats
Vous n’avez pas pris ce quiz